| 000 | 00516cam a22001571 4500 | ||
|---|---|---|---|
| 082 |
_a608.741 _bTAY _cL-32, P-38 |
||
| 100 | 1 |
_aTaylor, F. Sherwood _938896 |
|
| 245 | 0 | 0 | _aBritish inventions. |
| 260 |
_aLondon, New York, _bPublished for the British Council by Longmans, Green _c[1950] |
||
| 300 |
_a44 p. _bplates, ports. _c22 cm. |
||
| 526 |
_a0 _b0 _c0 _d608_741000000000000_TAY |
||
| 650 | 0 |
_aInventions _zGreat Britain. _940220 |
|
| 650 | 0 |
_aInventors _zGreat Britain. _940221 |
|
| 650 | 0 |
_aMCE _9379 |
|
| 942 |
_2ddc _cBK |
||
| 999 |
_c544564 _d544564 |
||